| 000 | 01394nam a22003737a 4500 | ||
|---|---|---|---|
| 003 | CHAP | ||
| 005 | 20220329134416.0 | ||
| 008 | 971013s1994 r 00010 d | ||
| 010 | _a20094 | ||
| 011 | _a21066 | ||
| 035 | _a25155 | ||
| 040 | _cCHAP | ||
| 090 | _aTesis | ||
| 100 | 0 | 0 |
_aCarpinteyro Jiménez, Salvador Ricardo. _919290 |
| 245 | _aInfluencia del sombreado en la germinación de semilla y el desarrollo inicial de plántulas de Cupressus lindleyi Klotsch. en vivero, en la Región Central de México | ||
| 260 |
_aChapingo, Méx. : _bEl autor, _c1994 |
||
| 300 |
_a40 h. _b: ilus. ; gráfs. |
||
| 502 | _aTesis (Ing. Agr. Esp. en Bosques) -- UACH. División de Ciencias Forestales | ||
| 590 |
_aALEPH _b10 _c20130110 _lUCH01 _h1243 |
||
| 590 |
_aBATCH-UPD _b10 _c20130110 _lUCH01 _h1554 |
||
| 590 |
_aBATCH-UPD _b10 _c20130410 _lUCH01 _h0951 |
||
| 590 |
_aBATCH-UPD _b10 _c20130914 _lUCH01 _h0939 |
||
| 590 |
_aCONVERSION _b10 _c20130109 _lUCH01 _h1312 |
||
| 650 | 1 | 4 |
_aCiprés _xGerminación. _923350 |
| 650 | 1 | 4 |
_aCiprés _xPlántulas. _923352 |
| 650 | 1 | 4 |
_aCiprés _xSemilla. _923354 |
| 650 | 1 | 4 |
_aSombra _xEfecto en plantas. _9108539 |
| 650 | 1 | 4 |
_aViveros forestales. _9120100 |
| 901 | _aBK | ||
| 942 | _cFOLL | ||
| 949 |
_bBC _cTES _d-58027 _eTS1 _h27038 _i25155 _si |
||
| 949 |
_bBC _cTES _d-58028 _eTS2 _fc.2 _h27039 _i25155 _si |
||
| 949 |
_bBC _cTES _d-58029 _eTS2 _fc.3 _h27040 _i25155 _si |
||
| 999 |
_c20094 _d20094 |
||